000 00248nam a2200097 a 4500
005 20200930070844.0
008 110927s1908 000 spa d
245 0 _aCongreso femenino internacional.
260 _aBuenos Aires,
_c1908.
999 _c33684
_d33684
040 _aDO-SdBNP